000 01562nam a2200469 i 4500
001 53237
003 KOSZ 005
005 20230110122510.0
008 070226s2006 pl a f f |000 0 pol
015 _aUWD 2007/8161
020 _a8389184133
035 _a991033196079705066
035 _a(PL-WaBN)b18893892-48omnis_nlop
035 _ab18893892
035 _a(OCoLC)750083483
035 _azz2006989794
035 _a(PL)b0000001889389
035 _a(EXLNZ-48OMNIS_NETWORK)9910528495105606
040 _aWA N
_cWA N
_dKOSZ 005/HR
046 _k2006
080 _a579.67
080 _a(075.3-021.66)
100 1 _aJałosińska, Małgorzata Alicja
_eAutor
245 1 0 _aMikrobiologia żywności /
_cMałgorzata Jałosińska.
260 _aWarszawa :
_bWydawnictwo Format-AB,
_c2006.
300 _a218 s. :
_bil. ;
_c21 cm.
336 _aTekst
_btxt
_2rdacontent
337 _aBez urządzenia pośredniczącego
_bn
_2rdamedia
338 _aWolumin
_bnc
_2rdacarrier
380 _aKsiążki
388 _a2001-
504 _aBibliogr. s. 217-218.
521 8 _aDo kształcenia w zawodzie technik żywienia i gospodarstwa domowego na poziomie technikum i szkoły policealnej.
650 7 _aMikrobiologia
_2DBN
650 7 _aŻywność
655 7 _aPodręczniki dla szkół zawodowych
_2DBN
658 _aEdukacja i pedagogika
658 _aBiologia
856 _uhttp://koha.tu.koszalin.pl/cgi-bin/koha/opac-detail.pl?biblionumber=53237
_yKatalog online BPK
942 _2UKD
_cKS
999 _c53237
_d53237